000 00625nam a2200229Ia 4500
003 OSt
005 20220928103345.0
006 a|||||r|||| 00| 0
007 ta
008 220927b |||||||| |||| 00| 0 eng d
024 _a53746
037 _cTextual
040 _aSDCL
_cSDCL
_beng
041 _2eng
_aeng
082 _aO152,3:g, L2
100 _aJain Ravindra Kumar
_9403699
245 0 _aUpanyas
_bSiddhant aur sanrachna.
260 _aDelhi
_bNational Publishing House
_c1972
300 _a211p.
_ccm.
942 _hO152,3:g, L2
_cTEXL
_2CC
999 _c719465
_d719465